000 00351 a2200169 4500
001 44957
020 _a8574096059
040 _cAnchieta - Aquarius
100 _aFerreira, Elita
240 1 0 _aTia Filó
_lpor
245 1 0 _aTia Filó
300 _a24
362 0 _a2009
440 1 _aBagaço
650 4 _aLiteratura infanto-juvenil
942 _cBK
999 _c44957
_d44957